000 00278nam a22001337a 4500
008 170502b xxu||||| |||| 00| 0 eng d
020 _a9780872203457
041 _aeng
080 _a34
100 _a13
101 _aSHJ
245 _aJUSTICE
_cWESTPHAL.J
942 _2udc
_cBK
999 _c12351
_d12351